<?xml version="1.0" encoding="UTF-8"?>
<record
    xmlns:xsi="http://www.w3.org/2001/XMLSchema-instance"
    xsi:schemaLocation="http://www.loc.gov/MARC21/slim http://www.loc.gov/standards/marcxml/schema/MARC21slim.xsd"
    xmlns="http://www.loc.gov/MARC21/slim">

  <leader>01298nam a2200241 a 4500</leader>
  <controlfield tag="003">DO-SdBNP</controlfield>
  <controlfield tag="005">20220208123902.0</controlfield>
  <controlfield tag="007">ta</controlfield>
  <controlfield tag="008">220207e2018    dr ||||er|||| 001 edspa d</controlfield>
  <datafield tag="020" ind1=" " ind2=" ">
    <subfield code="a">9788409017959</subfield>
  </datafield>
  <datafield tag="040" ind1=" " ind2=" ">
    <subfield code="a">DO-SdBNP</subfield>
    <subfield code="b">spa</subfield>
    <subfield code="c">BNPHU</subfield>
  </datafield>
  <datafield tag="082" ind1=" " ind2="2">
    <subfield code="2">22</subfield>
    <subfield code="b">A795a</subfield>
  </datafield>
  <datafield tag="100" ind1="1" ind2=" ">
    <subfield code="9">25165</subfield>
    <subfield code="a">Arvelo, Alejandro,</subfield>
    <subfield code="d">1959-</subfield>
  </datafield>
  <datafield tag="245" ind1="1" ind2="0">
    <subfield code="a">Arist&#xF3;teles o la presici&#xF3;n :  </subfield>
    <subfield code="b">apuntes a la pasi&#xF3;n del que nombra /</subfield>
    <subfield code="c">Alejandro Arvelo.</subfield>
  </datafield>
  <datafield tag="260" ind1=" " ind2=" ">
    <subfield code="a">Espa&#xF1;a :</subfield>
    <subfield code="b">ACUDEBI,</subfield>
    <subfield code="c">[2018]</subfield>
  </datafield>
  <datafield tag="300" ind1=" " ind2=" ">
    <subfield code="a">71 p. ;</subfield>
    <subfield code="c">21 cm.</subfield>
  </datafield>
  <datafield tag="500" ind1=" " ind2=" ">
    <subfield code="a">Incluye datos biogr&#xE1;ficos del autor en la solapa de la cubierta.</subfield>
  </datafield>
  <datafield tag="504" ind1=" " ind2=" ">
    <subfield code="a">Bibliograf&#xED;a: p. 69-  71.</subfield>
  </datafield>
  <datafield tag="505" ind1=" " ind2=" ">
    <subfield code="a">El imperio de precisi&#xF3;n, &#xBF;un requisito t&#xE1;cito para filosofar?.--</subfield>
    <subfield code="t">I. La propiedad y la axactitud, normas de hechos en Arist&#xF3;teles.--</subfield>
    <subfield code="t">II. La lengua, &#xBF;medio o causa eficiente del pensamiento?.--</subfield>
    <subfield code="t">III. Ret&#xF3;rica, pensamiento e imperativo de precisi&#xF3;n.--</subfield>
    <subfield code="t">IV. La delimitaci&#xF3;n rigurosa de matices, v&#xED;nculo intangible entre l&#xF3;gica y ret&#xF3;rica.--</subfield>
    <subfield code="t">V. Modo, utilidad y conciencia del valor hermen&#xE9;utico de la presici&#xF3;n terminol&#xF3;gica en Arist&#xF3;teles.--</subfield>
    <subfield code="t">Presici&#xF3;n como m&#xE9;todo y como reserva cr&#xED;tica de la humanidad en las actuales circunstancias.--</subfield>
    <subfield code="t">Biblioraf&#xED;a.</subfield>
  </datafield>
  <datafield tag="590" ind1=" " ind2=" ">
    <subfield code="a">Inventariado 2022 / MF</subfield>
  </datafield>
  <datafield tag="910" ind1=" " ind2=" ">
    <subfield code="a">MFeliz</subfield>
  </datafield>
  <datafield tag="942" ind1=" " ind2=" ">
    <subfield code="2">ddc</subfield>
    <subfield code="c">LBS1</subfield>
  </datafield>
  <datafield tag="952" ind1=" " ind2=" ">
    <subfield code="0">0</subfield>
    <subfield code="1">0</subfield>
    <subfield code="2">ddc</subfield>
    <subfield code="5">1</subfield>
    <subfield code="7">0</subfield>
    <subfield code="8">DS</subfield>
    <subfield code="a">BNPHU</subfield>
    <subfield code="b">PD</subfield>
    <subfield code="c">HD</subfield>
    <subfield code="d">2020-03-05</subfield>
    <subfield code="e">Dep&#xF3;sito legal / Alejandro Arvelo</subfield>
    <subfield code="l">0</subfield>
    <subfield code="o">A795a</subfield>
    <subfield code="p">2022-0656</subfield>
    <subfield code="r">2022-02-07</subfield>
    <subfield code="w">2022-02-07</subfield>
    <subfield code="y">LBS1</subfield>
  </datafield>
  <datafield tag="952" ind1=" " ind2=" ">
    <subfield code="0">0</subfield>
    <subfield code="1">0</subfield>
    <subfield code="2">ddc</subfield>
    <subfield code="5">1</subfield>
    <subfield code="7">0</subfield>
    <subfield code="8">DS</subfield>
    <subfield code="a">BNPHU</subfield>
    <subfield code="b">PD</subfield>
    <subfield code="c">HD</subfield>
    <subfield code="d">2020-03-05</subfield>
    <subfield code="e">Dep&#xF3;sito legal / Alejandro Arvelo</subfield>
    <subfield code="l">0</subfield>
    <subfield code="o">A795a</subfield>
    <subfield code="p">2022-0657</subfield>
    <subfield code="r">2022-02-07</subfield>
    <subfield code="t">e.2</subfield>
    <subfield code="w">2022-02-07</subfield>
    <subfield code="y">LBS1</subfield>
  </datafield>
  <datafield tag="999" ind1=" " ind2=" ">
    <subfield code="c">51368</subfield>
    <subfield code="d">51368</subfield>
  </datafield>
</record>
